00251nam a2200085Ia 4500008004100000100002100041245006700062260002800129300000800157210107s9999 xx 000 0 und d aGhosh, subratesh 0aStyles of man management in India Japan & socialist countries aNew DelhibOxford & IBH a163